000 01023cam a2200277 4500
008 090401t1992 xxu||||| |||| 00| 0 eng d
020 _a011752641X
035 _a(Sirsi) u60193
041 _aeng
050 _a711.73
110 _aUnited Kingdom
_bDepartment of the Environment
_9982
245 _aResidential roads and footpaths: layout considerations
250 _a2nd ed.
260 _aLondon
_bHMSO
_c1992
300 _av,103p. ill. 30cm
350 _a13.5
490 _aDesign Bulletin
_v32
520 _aThe second edition of a bulletin, which describes the main considerations to be taken into account when preparing a design brief for the detailed layout of new roads and footpaths, including the need to minimise danger and nuisance and to take note of local guidelines and standards. Missing 20/2/95 AH
650 _aDESIGN
650 _aPARKING
650 _aTRAFFIC
690 _aTRANSPORT AND COMMUNICATIONS
710 _aDepartment of Transport
_91172
942 _n0
948 _c04/03/1997
999 _c94204
_d94204